000 01089nam a2200277 4500
001 109812
003 ES-MaACL
005 20250818042454.0
007 t|
008 061121s1975 sp 00110 spa d
020 _a84-01-80522-8
080 _a396(04)
100 1 _aSilva, Josefina de.
_9172278
245 1 3 _aLa otra virginidad /
_cJosefina de Silva.
250 _a1ª ed.
260 _aEsplugas de Llobregat (Barcelona) :
_bPlaza & Janés,
_c1975.
300 _a237 p. ;
_c20 cm.
505 8 _aContiene: El espectáculo del Ateneo, p. [133]-146
594 _aEn presentación: "Esta obra... me la inspiraron los cientos de hombres y mujeres... que gritaban y aplaudían en el Ateneo de Madrid, el día que presentamos allí a Esther Vilar..."
594 _aEsther Vilar presentó "El varón polígamo" en el Ateneo de Madrid, el 21 de abril de 1975.
600 1 4 _aVilar, Esther,
_d1935-
_9114793
610 2 4 _aAteneo de Madrid-
_vConferencias-
_y1940-1982.
_91908
650 4 _aRol sexual.
_916927
852 4 _aES-MaACL
_jC-3760
_z- Enc. cart.
999 _c109812
_d109812